|
|
|
|
| LEADER |
00000nam a2200000Ia 4500 |
| 008 |
180417b1997 cr ||||| |||| 00| | spa d |
| 999 |
|
|
|c 1727
|d 1727
|
| 090 |
|
|
|a 06.03.04
|b 934
|
| 100 |
1 |
|
|a Arnáez Serrano, Elizabeth
|9 2521
|
| 245 |
1 |
0 |
|a Memoria: Foros I y II : Experiencias para la incorporación de la dimensión ambiental en el quehacer universitario /
|c Elizabeth Arnáez, Sonia Rojas, compiladoras y editoras
|
| 260 |
|
|
|a San José, Costa Rica :
|b OPES;
|c 1997
|
| 300 |
|
|
|a 75 páginas
|
| 500 |
|
|
|a La Unidad posee la memoria del Foro III: Manejo de deshechos en el campus universitario
|
| 650 |
1 |
4 |
|a EDUCACIÓN SUPERIOR
|9 8
|
| 650 |
1 |
4 |
|a EDUCACIÓN AMBIENTAL
|9 439
|
| 650 |
1 |
4 |
|a CONFERENCIA
|9 506
|
| 700 |
1 |
|
|9 3566
|a Rojas, Sonia
|
| 942 |
|
|
|i 001530 ,001532
|h 06.03.04 934
|2 z
|c 01
|